000 00679nam a2200241Ia 4500
003 OSt
005 20220928114812.0
006 a|||||r|||| 00| 0
007 ta
008 220927b |||||||| |||| 00| 0 eng d
024 _a78081
037 _cTextual
040 _aSDCL
_cSDCL
_beng
041 _2eng
_aeng
082 _aJ3:68:f3, P2
100 _aAtherton Keith T Ed.
_9440851
245 0 _aGenetically modified crops
_b Assessing safety.
260 _aLondon
_bTalor & Francis
_c2002
300 _ax,256p
_ccm.
650 _aCrops- Genetic Engineering
_9440852
942 _hJ3:68:f3, P2
_cTEXL
_2CC
999 _c756369
_d756369